| 000 | 00506nam a2200157 i 4500 | ||
|---|---|---|---|
| 001 | 142432 | ||
| 003 | ES-MaACL | ||
| 005 | 20230906200524.0 | ||
| 007 | t| | ||
| 008 | 071005s1908 sp ||||1| spa d | ||
| 100 | 1 |
_aVillaespesa Calvache, Vicente. _9114919 |
|
| 245 | 1 | 3 |
_aEl funesto caciquismo político español y algo de su terapéutica / _cVicente Villaespesa Calveche. |
| 260 |
_aAlmería : _b[s.n.], _c1908 ( _fTip. J. Fernández Murcia) |
||
| 300 |
_a272 p. ; _c22 cm. |
||
| 852 |
_aES-MaACL _jF-9419 |
||
| 999 |
_c142432 _d142432 |
||